000 00468nam a2200181Ia 4500
008 230711s9999||||xx |||||||||||||| ||und||
020 _a978-0-07-107803-0
041 _aENG
082 _a658.15
_bGE-M
100 _aGeetika,G
245 0 _aManagerial economics
250 _a2nd . Ed.
260 _c2011
_aNew Delhi
_bMcGraw Hill Education(India) Private Limited
300 _a632p.
650 _aUNIVESITY BUSNIESS SCHOOL
700 _aGhosh,Piyali
942 _cBK
999 _c5927
_d5927